00391nam a22001337a 4500008004100000020001500041040005500056080002300111100001900134245003000153260004300183300001000226650002100236230324b |||||||| |||| 00| 0 eng d a0672307456 aNational Science LibrarycNational Science Library aD 681.3.06HTMLbN5 aDecember, John aHTML and CGI: bUnleashed aAmerica: bSams.net Publishing, c1995 a830p. aComputer science